| 000 | 00465nam a22001817a 4500 | ||
|---|---|---|---|
| 005 | 20180205170341.0 | ||
| 008 | 160429b xxu||||| |||| 00| 0 eng d | ||
| 020 | _a81-7808-334-5 | ||
| 041 | _aeng | ||
| 082 |
_b00791 _a005.115 |
||
| 100 |
_aMano,M. Morris _9195 |
||
| 245 | _aLogic and computer Design Fundamentals | ||
| 250 | _a2nd ed. | ||
| 260 |
_aNew Delhi _bPearson Education, _c2003 |
||
| 300 | _a650 | ||
| 650 |
_aInformation Technology _9137 |
||
| 942 | _cBK | ||
| 999 |
_c260 _d260 |
||